[Event "World Open 2014"]
[Site "Arlington, VA"]
[Date "2014.07.02"]
[Round "1.2"]
[White "Kaufman, Lawrence"]
[Black "Batista, Lazaro"]
[Result "0-1"]
[WhiteElo "2329"]
[BlackElo "2696"]
[PlyCount "102"]
[EventDate "2014.07.??"]
[EventType "swiss"]
[EventRounds "9"]
[EventCountry "USA"]
[WhiteClock "0:12:09"]
[BlackClock "0:24:31"]

1. d4 Nf6 2. c4 g6 3. f3 Bg7 4. e4 d6 5. Nc3 a6 6. Be3 c6 7. c5 O-O 8. Nge2 b5
9. cxd6 exd6 10. Qd2 Re8 11. Nc1 Nbd7 12. Nd3 Nb6 13. b3 Nbd5 14. exd5 Bh6 15.
f4 Ng4 16. Nd1 Ra7 17. Be2 Nxe3 18. Nxe3 Rae7 19. O-O Rxe3 20. Rae1 cxd5 21.
Bf3 Rxe1 22. Rxe1 Bg7 23. Rxe8+ Qxe8 24. Bxd5 Bxd4+ 25. Kf1 Bb6 26. Nf2 Bf5 27.
g3 a5 28. Qe2 Kf8 29. Qxe8+ Kxe8 30. Bc6+ Bd7 31. Bxd7+ Kxd7 32. Ne4 h6 33. Ke2
Ke6 34. Nc3 b4 35. Ne4 f5 36. Nd2 g5 37. h3 g4 38. hxg4 fxg4 39. Nc4 Bc7 40.
Ne3 h5 41. Kd3 d5 42. Ng2 Bb6 43. Ke2 Kf5 44. Ne1 Ke4 45. Nd3 Bd4 46. Ne1 Bf6
47. Nd3 h4 48. Nc5+ Kf5 49. gxh4 Bxh4 50. Nb7 Kxf4 51. Nxa5 g3 0-1

[Event "World Open 2014"]
[Site "Arlington, VA"]
[Date "2014.07.02"]
[Round "1.3"]
[White "Laznicka, Viktor"]
[Black "Goletiani, Rusudan"]
[Result "1-0"]
[WhiteElo "2679"]
[BlackElo "2325"]
[PlyCount "143"]
[EventDate "2014.07.??"]
[EventType "swiss"]
[EventRounds "9"]
[EventCountry "USA"]
[WhiteClock "0:01:28"]
[BlackClock "0:08:24"]

1. d4 Nf6 2. c4 e6 3. Nc3 c5 4. d5 exd5 5. cxd5 d6 6. Nf3 g6 7. Bf4 Bg7 8. e3
O-O 9. h3 Na6 10. Nd2 Nc7 11. Nc4 b5 12. Nxd6 b4 13. Na4 Nfxd5 14. Bh2 Qe7 15.
Nxc8 Rfxc8 16. Bxc7 Nxc7 17. Rc1 Ne6 18. Bc4 Rd8 19. Qe2 Qd7 20. Qc2 Rac8 21.
O-O Bf8 22. b3 Qc6 23. Rfd1 Ng5 24. Be2 Qe4 25. Bd3 Qe5 26. Nb2 Bd6 27. Kf1 Qh2
28. Be4 Be5 29. Nc4 Bc3 30. Ke2 Re8 31. Rh1 Qc7 32. Bd5 Rcd8 33. Rcd1 Ne6 34.
Bxe6 Rxe6 35. a4 Rde8 36. Qd3 Qe7 37. Qd5 Qh4 38. g3 Qe7 39. Rd3 Rf6 40. Rhd1
Re6 41. h4 h5 42. Qd7 Bf6 43. Qxe7 R6xe7 44. Rd6 Re6 45. R1d5 Rxd6 46. Rxd6 Re6
47. Rxe6 fxe6 48. Kd3 g5 49. hxg5 Bxg5 50. Ne5 h4 51. gxh4 Bxh4 52. f3 Kg7 53.
Kc4 Kf6 54. Nc6 Bf2 55. Nxa7 Ke7 56. e4 Kd7 57. a5 Kc7 58. Nb5+ Kb7 59. a6+
Kxa6 60. Nc7+ Kb6 61. Nxe6 Kc6 62. Nf4 Kd6 63. Nd3 Be3 64. f4 Bd2 65. f5 Bc3
66. e5+ Kc6 67. f6 Kd7 68. Nxc5+ Ke8 69. Kd5 Kf7 70. Ne4 Be1 71. e6+ Ke8 72.
Nd6+ 1-0

[Event "World Open 2014"]
[Site "Arlington, VA"]
[Date "2014.07.02"]
[Round "1.4"]
[White "Gu, Christopher"]
[Black "Perez, Yuniesky"]
[Result "1/2-1/2"]
[WhiteElo "2322"]
[BlackElo "2655"]
[PlyCount "107"]
[EventDate "2014.07.??"]
[EventType "swiss"]
[EventRounds "9"]
[EventCountry "USA"]
[WhiteClock "0:05:00"]
[BlackClock "0:05:28"]

1. Nf3 Nf6 2. c4 b6 3. g3 c5 4. Bg2 Bb7 5. O-O g6 6. Nc3 Bg7 7. d4 cxd4 8. Qxd4
d6 9. Rd1 Nbd7 10. b3 Rc8 11. Bb2 O-O 12. Rac1 Ne4 13. Qe3 Nxc3 14. Bxc3 Nf6
15. Ne1 Qd7 16. Qd3 Rfd8 17. Bxb7 Qxb7 18. Ng2 a6 19. a4 Nd7 20. Bxg7 Kxg7 21.
Ne3 Nf6 22. Nd5 Nxd5 23. cxd5 a5 24. Qb5 Rc5 25. Rxc5 dxc5 26. e4 Qc7 27. Qd3
Qd6 28. Qc3+ f6 29. f4 e5 30. fxe5 fxe5 31. Rf1 Rf8 32. Rxf8 Kxf8 33. Qf3+ Kg7
34. Qe2 h5 35. Kg2 Kf7 36. Qa6 Qb8 37. Kf2 Ke7 38. Ke2 Qd6 39. Qb7+ Kd8 40. Qf7
c4 41. bxc4 Qb4 42. Qf6+ Kc8 43. Qc6+ Kd8 44. Qb5 Qxb5 45. axb5 Kc7 46. c5 bxc5
47. Kd3 a4 48. Kc4 g5 49. h3 g4 50. h4 Kd6 51. b6 Kd7 52. Kc3 Kd6 53. Kc4 Kd7
54. Kc3 1/2-1/2

[Event "World Open 2014"]
[Site "Arlington, VA"]
[Date "2014.07.02"]
[Round "1"]
[White "Denton, Bradley"]
[Black "Shimanov, Alex"]
[Result "1/2-1/2"]
[WhiteElo "2319"]
[BlackElo "2644"]
[PlyCount "116"]
[EventDate "2014.07.??"]
[EventType "swiss"]
[EventRounds "9"]
[EventCountry "USA"]

1. d4 Nf6 2. c4 g6 3. Nc3 Bg7 4. e4 O-O 5. Nf3 d6 6. Be2 Nbd7 7. O-O e5 8. Be3
Re8 9. d5 Nh5 10. g3 Bf8 11. Ne1 Ng7 12. Nd3 f5 13. f3 Be7 14. Qd2 Rf8 15. f4
exf4 16. Bxf4 fxe4 17. Nxe4 Nf6 18. Ndf2 Nf5 19. g4 Ng7 20. Bh6 Bd7 21. Qc3
Nfe8 22. Nh3 c6 23. Nhg5 cxd5 24. cxd5 Nf6 25. Bxg7 Kxg7 26. Ne6+ Bxe6 27. dxe6
Qb6+ 28. Kh1 Rac8 29. Qd3 Qxb2 30. Rab1 Qe5 31. Rxb7 Nxe4 32. Rxe7+ Kg8 33.
Ref7 Qxe6 34. Rxf8+ Rxf8 35. Rxf8+ Kxf8 36. Kg2 Qe5 37. Qe3 a5 38. Bf3 Nc5 39.
Qd2 a4 40. h3 a3 41. Qa5 Qb2+ 42. Kg3 Ne6 43. g5 Qc1 44. Qa8+ Ke7 45. Qa7+ Nc7
46. h4 Qc3 47. Qb8 Ne6 48. Qa7+ Nc7 49. Qb8 Kf7 50. Qd8 Qe5+ 51. Kg2 Qe7 52.
Qh8 Ke6 53. Qd4 d5 54. Bg4+ Kf7 55. Qh8 Ne8 56. h5 Qe4+ 57. Bf3 Qc2+ 58. Kg3
Qc7+ 1/2-1/2

[Event "World Open 2014"]
[Site "Arlington, VA"]
[Date "2014.07.02"]
[Round "1"]
[White "Gareyev, Timur"]
[Black "Dale, Ari"]
[Result "1-0"]
[WhiteElo "2640"]
[BlackElo "2318"]
[PlyCount "63"]
[EventDate "2014.07.??"]
[EventType "swiss"]
[EventRounds "9"]
[EventCountry "USA"]

1. d4 Nf6 2. c4 g6 3. Nc3 d5 4. Nf3 Bg7 5. h4 c6 6. Bg5 Ne4 7. e3 Nxc3 8. bxc3
O-O 9. Be2 c5 10. cxd5 cxd4 11. exd4 Qxd5 12. Bxe7 Re8 13. Bg5 Qc4 14. Rc1 Qxa2
15. Be3 Bg4 16. O-O Qd5 17. c4 Qh5 18. Rb1 b6 19. Rb5 f5 20. c5 Nd7 21. c6 Nf6
22. Qb3+ Kh8 23. Ne5 Rxe5 24. dxe5 Bxe2 25. exf6 Bxf6 26. Qe6 Rf8 27. c7 Bxb5
28. c8=Q Rxc8 29. Qxf6+ Kg8 30. Qe6+ Kg7 31. Qe7+ Kg8 32. Bd4 1-0

[Event "World Open 2014"]
[Site "Arlington, VA"]
[Date "2014.07.02"]
[Round "1"]
[White "Shulman, Yury"]
[Black "Gulamali, Kazim"]
[Result "1-0"]
[WhiteElo "2568"]
[BlackElo "2300"]
[PlyCount "65"]
[EventDate "2014.07.??"]
[EventType "swiss"]
[EventRounds "9"]
[EventCountry "USA"]

1. c4 e6 2. Nc3 d5 3. d4 Nf6 4. cxd5 exd5 5. Bg5 Be7 6. e3 h6 7. Bh4 O-O 8. Bd3
c6 9. Nge2 Be6 10. Nf4 Nbd7 11. O-O Rc8 12. Rc1 c5 13. Bb1 cxd4 14. Qxd4 Qa5
15. e4 Rc4 16. Qd1 Rfc8 17. exd5 Bg4 18. Qd2 g5 19. h3 Bf3 20. gxf3 gxh4 21.
Kh1 Bf8 22. Bd3 R4c5 23. Rce1 b5 24. Rg1+ Kh8 25. Re7 b4 26. Rxf7 Ne5 27. Rxf6
bxc3 28. Ng6+ Kg7 29. Nxe5+ Kxf6 30. Qf4+ Ke7 31. Qf7+ Kd6 32. Qd7+ Kxe5 33.
Qe6+ 1-0

[Event "World Open 2014"]
[Site "Arlington, VA"]
[Date "2014.07.03"]
[Round "2.2"]
[White "Batista, Lazaro"]
[Black "Korley, Kassa"]
[Result "1/2-1/2"]
[WhiteElo "2696"]
[BlackElo "2412"]
[PlyCount "154"]
[EventDate "2014.07.??"]
[EventType "swiss"]
[EventRounds "9"]
[EventCountry "USA"]
[WhiteClock "0:00:22"]
[BlackClock "0:01:58"]

1. e4 Nf6 2. e5 Nd5 3. d4 d6 4. Nf3 dxe5 5. Nxe5 g6 6. Bc4 c6 7. O-O Bg7 8. Re1
O-O 9. Bb3 Be6 10. Nd2 Nc7 11. c3 Nd7 12. Nd3 Bf5 13. Ne4 Bxe4 14. Rxe4 e6 15.
Re1 Nd5 16. Qg4 N5f6 17. Qh3 Qa5 18. Bf4 Qh5 19. Qg3 Qf5 20. Bc7 Rac8 21. Rad1
Nh5 22. Qd6 Ndf6 23. Qe5 Qxe5 24. Bxe5 Ng4 25. Bd6 Rfd8 26. Ba3 Ngf6 27. Nc5
Rb8 28. Nd3 Bf8 29. Bxf8 Kxf8 30. g3 Ng7 31. Kg2 Nf5 32. Ne5 h5 33. h3 Kg7 34.
Bc2 Nd6 35. Bd3 h4 36. Nf3 hxg3 37. fxg3 Rbc8 38. h4 c5 39. dxc5 Rxc5 40. Bc2
Rcc8 41. Ne5 b5 42. Rd3 Nc4 43. Rxd8 Rxd8 44. Nxc4 bxc4 45. Kf3 Rb8 46. Rb1 e5
47. g4 Nd5 48. Be4 Nf6 49. b4 cxb3 50. axb3 a5 51. c4 Nd7 52. Bc2 Nc5 53. Ke3
f5 54. gxf5 gxf5 55. Rd1 f4+ 56. Kf3 Nxb3 57. Rd7+ Kf6 58. Rd6+ Ke7 59. Rd5
Nd4+ 60. Ke4 Nxc2 61. Rxe5+ Kd6 62. Rxa5 Rf8 63. Rd5+ Kc6 64. Rd2 f3 65. Rf2
Ne1 66. h5 Kc5 67. h6 Rh8 68. Rh2 Re8+ 69. Kf5 f2 70. Rxf2 Rf8+ 71. Kg6 Rxf2
72. h7 Rg2+ 73. Kf7 Rf2+ 74. Kg7 Rg2+ 75. Kf8 Rh2 76. Kg8 Rxh7 77. Kxh7 Kxc4
1/2-1/2

[Event "World Open 2014"]
[Site "Arlington, VA"]
[Date "2014.07.03"]
[Round "2.4"]
[White "Sarkar, Justin"]
[Black "Smirin, Ilya"]
[Result "0-1"]
[WhiteElo "2414"]
[BlackElo "2647"]
[PlyCount "77"]
[EventDate "2014.07.??"]
[EventType "swiss"]
[EventRounds "9"]
[EventCountry "USA"]
[WhiteClock "0:30:10"]
[BlackClock "0:18:25"]

1. d4 Nf6 2. c4 g6 3. Nc3 Bg7 4. e4 d6 5. Be2 O-O 6. Nf3 Nbd7 7. O-O e5 8. Be3
Qe7 9. Qc2 c6 10. d5 c5 11. Ne1 Ne8 12. Nd3 f5 13. exf5 gxf5 14. f4 e4 15. Nf2
Ndf6 16. Kh1 h5 17. Nh3 Ng4 18. Qd2 Nxe3 19. Qxe3 Nf6 20. Ng5 Ng4 21. Qg3 Rf6
22. h3 Rh6 23. Nd1 Bd4 24. Rc1 a6 25. Rc2 b5 26. Qe1 Bd7 27. g3 Ne5 28. fxe5
Qxg5 29. h4 Qg6 30. e6 Be8 31. Nf2 Be5 32. Nh3 Bxg3 33. Qc1 Qf6 34. Qg5+ Rg6
35. Rxf5 Qg7 36. Qe3 Bxh4 37. Qxe4 Bg3 38. Bxh5 Qh6 39. Bxg6 0-1

[Event "World Open 2014"]
[Site "Arlington, VA"]
[Date "2014.07.03"]
[Round "2"]
[White "Harmon-Vellotti, Luke"]
[Black "Gareyev, Timur"]
[Result "1/2-1/2"]
[WhiteElo "2412"]
[BlackElo "2640"]
[PlyCount "105"]
[EventDate "2014.07.??"]
[EventType "swiss"]
[EventRounds "9"]
[EventCountry "USA"]

1. e4 e5 2. Nf3 Nc6 3. Bb5 f5 4. d3 fxe4 5. dxe4 Nf6 6. O-O Bc5 7. Qd3 Nd4 8.
Nxd4 Bxd4 9. Nd2 c6 10. Bc4 Qe7 11. Nf3 Bb6 12. Re1 d6 13. Be3 Bc7 14. Rad1 Bg4
15. Bc1 Rf8 16. h3 Bh5 17. Qb3 O-O-O 18. Rd3 h6 19. Qa4 Bb6 20. Be3 Nd7 21.
Bxb6 Nxb6 22. Qb3 Bxf3 23. Rxf3 Rxf3 24. gxf3 Qg5+ 25. Kf1 d5 26. exd5 Qh4 27.
Bd3 Qxh3+ 28. Kg1 Nxd5 29. Rxe5 Rf8 30. Bf1 Qh4 31. c4 Qf6 32. Re4 Nf4 33. Qe3
Kb8 34. b4 Qg5+ 35. Kh2 Qh5+ 36. Kg1 Qg6+ 37. Kh2 a6 38. b5 Qh5+ 39. Kg1 Qg5+
40. Kh1 axb5 41. cxb5 Qh5+ 42. Kg1 Qg6+ 43. Kh1 Nd5 44. Qa3 Rd8 45. bxc6 Qxc6
46. Qb2 Nc3 47. Re3 Nd1 48. Qe5+ Qc7 49. Qxc7+ Kxc7 50. Re2 Rd6 51. Re7+ Rd7
52. Re2 Kb6 53. Kg2 1/2-1/2

[Event "World Open 2014"]
[Site "Arlington, VA"]
[Date "2014.07.03"]
[Round "2"]
[White "Nyzhnyk, Illia"]
[Black "Sosa, Rafael"]
[Result "1-0"]
[WhiteElo "2628"]
[BlackElo "2397"]
[PlyCount "75"]
[EventDate "2014.07.??"]
[EventType "swiss"]
[EventRounds "9"]
[EventCountry "USA"]

1. d4 d5 2. c4 c6 3. Nf3 Nf6 4. Nc3 a6 5. g3 g6 6. Bg2 Bg7 7. O-O O-O 8. b3 Ne4
9. Bb2 Nxc3 10. Bxc3 Nd7 11. Rc1 Nf6 12. Ne5 e6 13. Qc2 a5 14. Rfd1 Re8 15. a3
Qe7 16. Qb2 Bf8 17. a4 Bh6 18. f4 Bg7 19. b4 axb4 20. Bxb4 Qd8 21. a5 Bf8 22.
Ra1 Nd7 23. Bxf8 Nxe5 24. dxe5 Rxf8 25. Qb4 Qc7 26. c5 Bd7 27. e3 Bc8 28. Bf1
f6 29. exf6 Rxf6 30. e4 Rf7 31. e5 g5 32. Bd3 gxf4 33. gxf4 Bd7 34. Kh1 Be8 35.
Rg1+ Kh8 36. Qe1 Rxf4 37. Qg3 Rf8 38. Qg5 1-0

[Event "World Open 2014"]
[Site "Arlington, VA"]
[Date "2014.07.03"]
[Round "2"]
[White "Cheng, Bindi"]
[Black "Azarov, Sergei"]
[Result "1/2-1/2"]
[WhiteElo "2410"]
[BlackElo "2617"]
[PlyCount "60"]
[EventDate "2014.07.??"]
[EventType "swiss"]
[EventRounds "9"]
[EventCountry "USA"]

1. c4 e6 2. Nf3 d5 3. g3 dxc4 4. Qa4+ Nd7 5. Qxc4 a6 6. Bg2 b5 7. Qc2 Bb7 8.
O-O Ngf6 9. d3 Be7 10. b3 c5 11. Bb2 O-O 12. Nbd2 Rc8 13. Rac1 h6 14. Qb1 Rc7
15. Ne5 Bxg2 16. Kxg2 Nb6 17. Kg1 a5 18. d4 Nbd7 19. Nd3 cxd4 20. Bxd4 Rxc1 21.
Qxc1 Qa8 22. Qb2 a4 23. Rc1 Rc8 24. Rxc8+ Qxc8 25. e4 Ne8 26. Qc3 Qb7 27. Nb4
Nb8 28. Nd3 Nd7 29. Nb4 Nb8 30. Nd3 Nd7 1/2-1/2

[Event "World Open 2014"]
[Site "Arlington, VA"]
[Date "2014.07.03"]
[Round "2"]
[White "Lenderman, Aleksandr"]
[Black "Bodek, Michael"]
[Result "0-1"]
[WhiteElo "2600"]
[BlackElo "2389"]
[PlyCount "72"]
[EventDate "2014.07.??"]
[EventType "swiss"]
[EventRounds "9"]
[EventCountry "USA"]

1. c4 e6 2. g3 Nf6 3. Bg2 d5 4. Nf3 dxc4 5. Qa4+ Nbd7 6. Qxc4 c5 7. Qc2 b6 8.
O-O Bb7 9. Rd1 Rc8 10. Nc3 Be7 11. e4 e5 12. d3 O-O 13. Bh3 Re8 14. Bg5 Bc6 15.
a4 a6 16. Nd2 h6 17. Bxf6 Bxf6 18. Nc4 Rb8 19. a5 b5 20. Nd6 Rf8 21. Nd5 Bg5
22. Nb4 Qc7 23. Nxc6 Qxc6 24. d4 exd4 25. Rxd4 c4 26. Rad1 Ne5 27. Rd5 Be7 28.
Nf5 Qf6 29. b3 Rfd8 30. f4 Nd3 31. e5 Qe6 32. bxc4 bxc4 33. Qxc4 Rxd5 34. Rxd3
Rxd3 35. Qxd3 Bc5+ 36. Kf1 Qa2 0-1

[Event "World Open 2014"]
[Site "Arlington, VA"]
[Date "2014.07.03"]
[Round "2"]
[White "Bartell, Thomas"]
[Black "Shulman, Yury"]
[Result "0-1"]
[WhiteElo "2368"]
[BlackElo "2568"]
[PlyCount "78"]
[EventDate "2014.07.??"]
[EventType "swiss"]
[EventRounds "9"]
[EventCountry "USA"]

1. d4 Nf6 2. c4 g6 3. g3 Bg7 4. Bg2 c5 5. d5 O-O 6. Nc3 d6 7. Nf3 e5 8. O-O Bg4
9. Ne1 Qc8 10. Nd3 Ne8 11. f3 Bh3 12. e4 Bxg2 13. Kxg2 Nd7 14. g4 Qd8 15. Bd2
Kh8 16. g5 f6 17. h4 fxg5 18. hxg5 Rf4 19. Rf2 Qxg5+ 20. Kf1 Nef6 21. Ne2 Nh5
22. Nexf4 exf4 23. Bc3 Ng3+ 24. Ke1 Bxc3+ 25. bxc3 Qh4 26. Rb1 b6 27. Rbb2 Nh1
28. Qa4 Nf6 29. Qc6 Rd8 30. Qc7 Rd7 31. Qc8+ Kg7 32. Rbe2 Nxf2 33. Nxf2 Qg3 34.
e5 dxe5 35. Qb8 e4 36. fxe4 Qxc3+ 37. Rd2 Qe3+ 38. Re2 Qc1+ 39. Nd1 f3 0-1

[Event "World Open 2014"]
[Site "Arlington, VA"]
[Date "2014.07.03"]
[Round "2"]
[White "Stripunsky, Alexander"]
[Black "Shetty, Atulya"]
[Result "1-0"]
[WhiteElo "2550"]
[BlackElo "2302"]
[PlyCount "71"]
[EventDate "2014.07.??"]
[EventType "swiss"]
[EventRounds "9"]
[EventCountry "USA"]

1. e4 e6 2. d4 d5 3. Nd2 c5 4. Ngf3 cxd4 5. Nxd4 Nf6 6. exd5 Nxd5 7. N2b3 Bb4+
8. Bd2 O-O 9. Bxb4 Nxb4 10. c3 Nd5 11. g3 e5 12. Nc2 Nc6 13. Bg2 Nde7 14. Ne3
Qb6 15. Nc4 Qa6 16. Qe2 Be6 17. Nd6 Qb6 18. O-O Rad8 19. Rfd1 Bxb3 20. axb3
Qxb3 21. Rd2 Qb6 22. Rad1 Qc7 23. Qc4 Rb8 24. h4 a6 25. Be4 b5 26. Qa2 Na5 27.
b4 Nac6 28. Nxf7 Rxf7 29. Rd7 Qb6 30. Bxc6 Kf8 31. R1d6 Rf6 32. Rxf6+ gxf6 33.
Qe6 Re8 34. Qxf6+ Kg8 35. Bd5+ Nxd5 36. Qg7# 1-0

[Event "World Open 2014"]
[Site "Arlington, VA"]
[Date "2014.07.03"]
[Round "2"]
[White "Friedel, Joshua"]
[Black "Wheeler, Cameron"]
[Result "1-0"]
[WhiteElo "2522"]
[BlackElo "2242"]
[PlyCount "61"]
[EventDate "2014.07.??"]
[EventType "swiss"]
[EventRounds "9"]
[EventCountry "USA"]

1. Nf3 d5 2. g3 Nf6 3. Bg2 c6 4. O-O Bf5 5. c4 e6 6. cxd5 exd5 7. d3 Be7 8. Qb3
Qb6 9. Qc2 O-O 10. Nc3 d4 11. Na4 Qd8 12. Nc5 a5 13. Bd2 Ra7 14. Nb3 c5 15.
Nxc5 Qc7 16. Rac1 Rc8 17. Bf4 Qd8 18. Bxb8 Rxc5 19. Bxa7 Rxc2 20. Rxc2 b6 21.
Rfc1 Bc5 22. Rxc5 bxc5 23. Bxc5 Be6 24. Nxd4 Bxa2 25. Bb6 Qd7 26. Rc7 Qe8 27.
Bc6 Qb8 28. Bb7 Nd5 29. Rc8+ Qxc8 30. Bxc8 Nxb6 31. Ba6 1-0

[Event "World Open 2014"]
[Site "Arlington, VA"]
[Date "2014.07.03"]
[Round "2"]
[White "Cooke, Eric"]
[Black "Fishbein, Alexander"]
[Result "0-1"]
[WhiteElo "2151"]
[BlackElo "2479"]
[PlyCount "80"]
[EventDate "2014.07.??"]
[EventType "swiss"]
[EventRounds "9"]
[EventCountry "USA"]

1. d4 Nf6 2. c4 g6 3. Nc3 Bg7 4. e4 d6 5. f3 O-O 6. Be3 c5 7. d5 e6 8. Nge2
exd5 9. cxd5 Nbd7 10. Ng3 h5 11. Be2 a6 12. a4 Nh7 13. O-O h4 14. Nh1 f5 15.
Qd2 Qf6 16. g3 Qe7 17. Rae1 fxe4 18. Nxe4 hxg3 19. hxg3 Ne5 20. Bf4 Bh3 21. Rf2
Bf5 22. Ng5 Nxg5 23. Bxg5 Bf6 24. Bh6 Rfe8 25. g4 Bd7 26. Kg2 Nf7 27. Bf4 Bd4
28. Rff1 Qf6 29. Bd3 Rxe1 30. Rxe1 Ne5 31. g5 Qf7 32. Bxe5 Bxe5 33. Ng3 Rf8 34.
Qe3 Bf4 35. Qe2 Bxg3 36. Kxg3 Qf4+ 37. Kg2 Qxg5+ 38. Kh1 Qh4+ 39. Kg1 Qg3+ 40.
Kh1 Rf4 0-1

[Event "World Open 2014"]
[Site "Arlington, VA"]
[Date "2014.07.03"]
[Round "2"]
[White "Shimanov, Alex"]
[Black "Gu, Christopher"]
[Result "0-1"]
[WhiteElo "2644"]
[BlackElo "2322"]
[PlyCount "150"]
[EventDate "2014.07.??"]
[EventType "swiss"]
[EventRounds "9"]
[EventCountry "USA"]

1. d4 d5 2. c4 c6 3. e3 Nf6 4. Bd3 g6 5. Nf3 Bg7 6. O-O O-O 7. Nc3 Bg4 8. h3
Bxf3 9. Qxf3 e6 10. Rd1 Nbd7 11. b3 Re8 12. Bb2 Qe7 13. Qe2 Rac8 14. a4 a6 15.
Qd2 h5 16. Re1 Qd8 17. Rad1 Qc7 18. e4 Nxe4 19. Bxe4 dxe4 20. Nxe4 Rcd8 21. Bc3
Nf6 22. Ng5 e5 23. Qb2 exd4 24. Bxd4 Rxe1+ 25. Rxe1 Ng4 26. Bxg7 Qh2+ 27. Kf1
Qh1+ 28. Ke2 Re8+ 29. Be5 Nxe5 30. Rxh1 Nxc4+ 31. Kd3 Nxb2+ 32. Kc3 Re2 33. Rb1
b5 34. axb5 axb5 35. Ne4 Rxe4 36. Rxb2 h4 37. Kd3 Re5 38. b4 Rg5 39. f3 c5 40.
bxc5 Rxc5 41. Rb4 Rg5 42. Rxh4 Rxg2 43. Rb4 Rg5 44. Ke3 Kf8 45. Re4 Rd5 46. h4
Kg7 47. Re8 Rd1 48. Ke2 Rb1 49. Re4 b4 50. Kd2 b3 51. Rf4 Kf8 52. Kc3 Ke7 53.
Re4+ Kf6 54. Rf4+ Ke6 55. h5 gxh5 56. Rh4 Rf1 57. Kxb3 Rxf3+ 58. Kc2 Rf5 59.
Kd2 Re5 60. Rf4 f6 61. Rf3 Kf7 62. Rg3 Ke6 63. Rg1 Kf5 64. Rf1+ Kg6 65. Rg1+
Kf5 66. Rf1+ Kg5 67. Rg1+ Kh4 68. Kd3 Kh3 69. Rf1 h4 70. Rxf6 Kg2 71. Rg6+ Kh2
72. Kd2 h3 73. Kd1 Re3 74. Rg8 Rg3 75. Rb8 Kg1 0-1

[Event "World Open 2014"]
[Site "Arlington, VA"]
[Date "2014.07.03"]
[Round "2"]
[White "Shabalov, Alexander"]
[Black "Brattain, Mika"]
[Result "1/2-1/2"]
[WhiteElo "2501"]
[BlackElo "2285"]
[PlyCount "92"]
[EventDate "2014.07.??"]
[EventType "swiss"]
[EventRounds "9"]
[EventCountry "USA"]

1. d4 Nf6 2. c4 g6 3. Nc3 Bg7 4. e4 d6 5. Be2 O-O 6. Bg5 c5 7. d5 a6 8. a4 Qa5
9. Bd2 e6 10. Nf3 exd5 11. exd5 Bg4 12. O-O Nbd7 13. h3 Bxf3 14. Bxf3 Qc7 15.
Qc2 Ne8 16. b3 Be5 17. Rae1 Ng7 18. Be4 f5 19. Bd3 f4 20. Qd1 Rae8 21. Ne4 Qd8
22. b4 cxb4 23. Bxb4 Nf5 24. c5 f3 25. g3 dxc5 26. Bd2 Qb8 27. a5 Nd4 28. Bc3
Nf6 29. Kh2 Nxe4 30. Rxe4 Ne2 31. Be1 Bd6 32. Rg4 Rf6 33. Qa1 Be5 34. Qa4 Re7
35. Bd2 h5 36. Rg5 Kg7 37. Qh4 Qe8 38. Qxh5 Bc3 39. Bf4 Nxf4 40. gxf4 Bd2 41.
Rgg1 Bxf4+ 42. Kh1 Re5 43. Qh4 Qh8 44. Qg4 Rg5 45. Qd7+ Rf7 46. Qe6 Rf6 1/2-1/2

[Event "World Open 2014"]
[Site "Arlington, VA"]
[Date "2014.07.03"]
[Round "2"]
[White "Kannappan, Priyadharshan"]
[Black "Malhotra, Akshay"]
[Result "1-0"]
[WhiteElo "2443"]
[BlackElo "2001"]
[PlyCount "57"]
[EventDate "2014.07.??"]
[EventType "swiss"]
[EventRounds "9"]
[EventCountry "USA"]

1. b3 d5 2. Bb2 Nf6 3. e3 b6 4. c4 e6 5. Nf3 Bb7 6. d4 c5 7. Bd3 Nc6 8. O-O Bd6
9. Nbd2 Qe7 10. Qe2 O-O 11. cxd5 exd5 12. Ba6 Bxa6 13. Qxa6 Ne4 14. Rfd1 cxd4
15. Nxe4 dxe4 16. Nxd4 Nxd4 17. Bxd4 Rfd8 18. Rac1 h6 19. g3 Rab8 20. Rd2 Re8
21. Rdc2 Rbd8 22. a4 Bb8 23. Rc6 Qb4 24. Qc4 Qd2 25. Kg2 Rd7 26. b4 Rde7 27.
Rc8 Kh7 28. Rxe8 Rxe8 29. Qxf7 1-0

[Event "World Open 2014"]
[Site "Arlington, VA"]
[Date "2014.07.03"]
[Round "2"]
[White "Bora, Safal"]
[Black "Mulyar, Michael"]
[Result "1/2-1/2"]
[WhiteElo "2244"]
[BlackElo "2430"]
[PlyCount "105"]
[EventDate "2014.07.??"]
[EventType "swiss"]
[EventRounds "9"]
[EventCountry "USA"]

1. Nf3 d5 2. g3 Nf6 3. Bg2 c6 4. O-O Bg4 5. c4 e6 6. d3 Nbd7 7. cxd5 cxd5 8.
Qb3 Qb6 9. Qxb6 Nxb6 10. Nc3 Be7 11. Nb5 O-O 12. Be3 Nfd7 13. h3 Bxf3 14. Bxf3
a6 15. Nc3 Bf6 16. Bf4 Rac8 17. Rfc1 Ne5 18. Bg2 Nc6 19. Rab1 Rfd8 20. Kf1 h6
21. Bd2 Na7 22. h4 Nc6 23. a3 Na7 24. Ke1 Rc6 25. Kd1 Rdc8 26. e4 Rd8 27. exd5
Nxd5 28. Nxd5 exd5 29. Rxc6 Nxc6 30. Bc3 Bd4 31. Bxd4 Nxd4 32. Rc1 Ne6 33. Kd2
Kf8 34. Ke3 Ke7 35. d4 Kd6 36. Kd3 Rd7 37. b3 Rc7 38. Re1 Re7 39. Re3 Nc7 40.
Bh3 b6 41. Bg2 a5 42. h5 Rxe3+ 43. fxe3 Ne8 44. e4 dxe4+ 45. Bxe4 Nf6 46. Bf3
g6 47. hxg6 fxg6 48. Kc4 g5 49. g4 Ne8 50. Kb5 Kc7 51. Kc4 Kd6 52. Kb5 Kc7 53.
Kc4 1/2-1/2

[Event "World Open 2014"]
[Site "Arlington, VA"]
[Date "2014.07.03"]
[Round "2"]
[White "Shmelov, Denys"]
[Black "Schut, Han"]
[Result "1-0"]
[WhiteElo "2393"]
[BlackElo "2153"]
[PlyCount "87"]
[EventDate "2014.07.??"]
[EventType "swiss"]
[EventRounds "9"]
[EventCountry "USA"]

1. d4 Nf6 2. c4 g6 3. Nc3 d5 4. cxd5 Nxd5 5. e4 Nxc3 6. bxc3 Bg7 7. Be3 c5 8.
Qd2 Qa5 9. Rb1 a6 10. Rc1 cxd4 11. cxd4 Qxd2+ 12. Kxd2 O-O 13. Nf3 e6 14. Bc4
Bd7 15. Ne5 Ba4 16. Bd3 Bxe5 17. dxe5 Nd7 18. f4 Rfd8 19. Ke2 Rac8 20. Bf2 Kg7
21. Bh4 Re8 22. Bf2 Red8 23. Bd4 Kg8 24. Ke3 Rc6 25. Rxc6 Bxc6 26. Rc1 Rc8 27.
g4 Kf8 28. h4 Ke7 29. Bc3 Ke8 30. Bb4 Nb6 31. h5 Bb5 32. hxg6 hxg6 33. Bxb5+
axb5 34. Rh1 Rd8 35. Rh8+ Kd7 36. Rxd8+ Kxd8 37. Ba5 Kc7 38. f5 Kc6 39. Bxb6
Kxb6 40. Kf4 Ka5 41. Kg5 Ka4 42. Kf6 Ka3 43. Kxf7 Kxa2 44. fxe6 1-0

[Event "World Open 2014"]
[Site "Arlington, VA"]
[Date "2014.07.03"]
[Round "2"]
[White "Paragua, Mark"]
[Black "Song, Michael"]
[Result "1/2-1/2"]
[WhiteElo "2506"]
[BlackElo "2271"]
[PlyCount "131"]
[EventDate "2014.07.??"]
[EventType "swiss"]
[EventRounds "9"]
[EventCountry "USA"]

1. d4 Nf6 2. Bg5 Ne4 3. Bf4 c5 4. d5 Qb6 5. Nd2 Qxb2 6. Nxe4 Qb4+ 7. c3 Qxe4 8.
e3 e6 9. c4 exd5 10. Nf3 Be7 11. cxd5 Qb4+ 12. Nd2 d6 13. Rb1 Qa5 14. Bb5+ Nd7
15. O-O O-O 16. Bxd7 Bxd7 17. Rxb7 Rfd8 18. Ne4 Qa6 19. Qb1 h6 20. h3 Rac8 21.
Rc1 Bf8 22. Qb3 Bf5 23. Nd2 Rd7 24. Rb5 Rcc7 25. a4 Rd8 26. Nc4 Kh7 27. f3 f6
28. e4 Bg6 29. Rb8 Rcd7 30. Rxd8 Rxd8 31. Qb5 Qxb5 32. axb5 f5 33. Ra1 Be8 34.
Ra5 fxe4 35. fxe4 Bg6 36. Rxa7 Bxe4 37. Nb6 Bd3 38. Rd7 Re8 39. Bxd6 Bxb5 40.
Bxf8 Bxd7 41. Nxd7 Rd8 42. Nxc5 Rxf8 43. d6 Rd8 44. d7 Kg8 45. Kf2 Kf7 46. Ke3
Ke7 47. Ke4 Rb8 48. Kd5 Rb6 49. g4 g5 50. Kc4 Rf6 51. Kd5 Rd6+ 52. Kc4 Rb6 53.
Kd5 Rf6 54. Ke4 Rd6 55. Ke5 Rd1 56. Ke4 Rh1 57. Kf5 Rxh3 58. Kg6 Rc3 59. Ne6
Kxd7 60. Nd4 Rc4 61. Nf5 Rxg4 62. Nxh6 Rg1 63. Kf5 Rf1+ 64. Kxg5 Ke6 65. Ng4
Rf3 66. Nh2 1/2-1/2